Reformas del Proceso Penal Bonaerense

Detalles Bibliográficos
Autor principal: Gouvert, Juan Fernando
Formato: eBook
Lenguaje:español
Publicado: La Plata : Editorial Scotti Libros, 2011
Materias:
Acceso en línea:http://www.vlex.com/source/6740

MARC

LEADER 00000nam a22000007a 4500
005 20130218154239.0
007 cr|||| ||||
008 130218e2011 ag |||||s|||| 00| 0 spa d
020 |a 9879086724 
035 |a 6740 
040 |a vLex 
090 |c 3671  |d 3671 
100 1 0 |a Gouvert, Juan Fernando 
245 1 0 |a Reformas del Proceso Penal Bonaerense  |h [Recurso electrn̤ico]  
256 |a Servicio en ln̕ea 
260 |a La Plata :  |b Editorial Scotti Libros,   |c 2011  
300 |a 1 Recurso electrn̤ico 
650 0 4 |a Derecho penal  |z Argentina 
740 |a vLex Libros (Servicio en ln̕ea) 
856 |a Acceso restringido  |u http://www.vlex.com/source/6740 
942 |c BOOK 
999 0 |a Penal law